Carved flesh gendered symbols and social practices
Αποθηκεύτηκε σε:
| Άλλοι συγγραφείς: | , , |
|---|---|
| Μορφή: | Βιβλίο |
| Γλώσσα: | English |
| Δημοσίευση: |
Oxford :
Berg,
1993
|
| Σειρά: | Cross-cultural perspectives on women ;
; 8 |
| Θέματα: | |
| Ετικέτες: |
Προσθήκη ετικέτας
Δεν υπάρχουν, Καταχωρήστε ετικέτα πρώτοι!
|
MARC
| LEADER | 00000nam a2200000 i 4500 | ||
|---|---|---|---|
| 001 | 1/97935 | ||
| 008 | 081124s1993 eng d | ||
| 020 | |a 0-85496-868-7 | ||
| 035 | |l 10101902 | ||
| 040 | |a GR-MY-UA |b gre |e aacr | ||
| 041 | 0 | |a eng | |
| 082 | 0 | |a 305.3 |2 (22) | |
| 245 | 1 | 0 | |a Carved flesh/cast selves : |b gendered symbols and social practices / |c edited by Vigdis Broch-Due, Ingrid Rudie, and Tony Bleie |
| 260 | |a Oxford : |b Berg, |c 1993 | ||
| 300 | |a xiii, 297 σ.; |c 23 εκ. | ||
| 490 | 1 | |a Cross-cultural perspectives on women |v ; 8 | |
| 500 | |a Εργασίες βασισμένη σε συνέδριο με θέμα: "Gender: Symbols and Social practices", που πραγματοποιήθηκε στο Πανεπιστήμιο του Bergen, 1988 | ||
| 504 | |a Βιβλιογραφία: σ. 283-294 | ||
| 504 | |a Ευρετήριο: σ. 295-297 | ||
| 650 | 0 | 0 | |a Sex role |x Cross-cultural studies |x Congresses. |
| 650 | 0 | 0 | |a Sex differences (Psychology) |x Cross-cultural studies |x Congresses. |
| 700 | 1 | |a Broch-Due, Vigdis. |4 edt | |
| 700 | 1 | |a Rudie, Ingrid. |4 edt | |
| 700 | 1 | |a Bleie, Tone. |4 edt | |
| 830 | 0 | |a Cross-cultural perspectives on women ; |v ; 8 | |
| 852 | |a INST |b LESVOS |e 20081124 |h 305.3 CAR |p 005100043539 |q 005100043539 |t BK |y 0 | ||
| 901 | |a BIBL1-2008-3 | ||
| 909 | |a Λ |b 157325 | ||
| 920 | |a ΕΠΕΑΕΚ ΠΜΣ ΓΥΝΑΙΚΕΣ ΚΑΙ ΦΥΛΑ |y ΛΕΣΒΟΣ |z 2008-09 | ||
| 970 | |a ΚΑΡΑ |b ΓΙΑΣΕΜΗ |z 2008/11/24 | ||